Edo v cele ; kresby: Marek Ležovič

Bibliographic Details
Main Author: Kolíková, Mária, 1974- (Author)
Other Authors: Ležovič, Marek (fot)
Format: Book
Language:Slovak
Published: Bratislava OZ Odyseus 2000
Edition:1. vyd.
Series:Chráň sa sám
Subjects:

MARC

LEADER 00000nam a2200000 a 4500
001 vtls001447544
003 SK-MaSNL
005 20260302002203.0
008 240315sm y0 xo a r 0 slo
015 |a SNBE2003/02-01261 
020 |a 8096857614 
035 |a SNK000402804 
040 |a SNK  |b slo  |c SNK  |e AACR2 
044 |a xo  |c SK 
072 7 |a 364  |x Sociálne problémy vyžadujúce podporu a pomoc. Sociálne zabezpečenie  |2 konspekt 
080 |a 364.442  |2 1981 
080 |a 615.015.6  |2 1981 
080 |a (036)  |2 1981 
100 1 |a Kolíková, Mária,  |d 1974-  |4 aut  |9 215768 
245 1 |a Edo v cele ; kresby: Marek Ležovič  |c text: Mária Kolíková 
250 |a 1. vyd. 
260 |a Bratislava  |b OZ Odyseus  |c 2000 
300 |a [10] s.  |b ilustr.  |c 15×11 cm 
490 1 |a Chráň sa sám 
500 |a 1000 výt. 
650 0 7 |a drogovo závislí  |2 SNKPH  |9 71375 
650 0 7 |a sociálna pomoc  |2 SNKPH  |9 3736 
655 7 |a informačné publikácie  |2 SNKPH  |9 70181 
700 1 |a Ležovič, Marek  |4 fot  |9 393430 
830 0 |a Chráň sa sám  |9 331765 
919 |a 80-968576-1-4 
999 |c 986972  |d 988902 
952 |t P60, <03>, [BOOK], {603}  |a SNK  |b SNK  |y PREZ  |7 0  |p 17A0380302  |o snkOSE 3922  |i snkKSP 4774/2003  |0 0  |1 0  |4 0  |d 2003-04-02  |l 0  |r 2005-01-02 00:00:00  |w 2026-02-24 
952 |t P60, <04>, [BOOK], {604}  |a SNK  |b SNK  |y VYP  |7 0  |p 17A0380301  |o snkOSE 3922 D1  |i snkKSP 4775/2003  |0 0  |1 0  |4 0  |d 2003-04-02  |l 0  |r 2005-01-02 00:00:00  |w 2026-02-24